000 00715nam a2200181Ia 4500
003 GCL
008 140319s9999 xx 000 0 ara d
020 _a8210303977
040 _aGCL /
_cGCL
082 0 4 _a812.008
_bم ا
100 1 _aمحمد حسن عبد الله (دراسة)
245 1 0 _aالمسرح المحكى :
_bتأصيل نظرى ونصوص من التراث العربى /
_cمحمد حسن عبد الله (دراسة)
260 _aالقاهرة :
_bدار قباء للطباعة والنشر والتوزيع ،
_c2000
300 _a253 ص ؛
_c20 سم
650 0 4 _aالمسرحيات العربية
650 0 4 _aالمسرحيات العربية - تاريخ ونقد
942 _2ddc
_cBK
999 _c2505
_d2505